00585nam a2200193Ia 4500008004100000020001800041050001400059100002600073245002100099245005300120260001500173260001700188260000900205300001500214300002500229440001500254999001900269952010300288180207s9999 xx 000 0 und d a9780545382700 bK418 2012 aKertell, Lynn Maslen. aMy school trip / cLynn Maslen Kertell ; illustrated by Sue Hendra. aNew York : bScholastic,  c2012 a32 pages : bcolor illustration ; aBob books. c355206d355206 001040aSSISMbSSISMd2018-02-07l0oER K418 2012pSSISM4751r2018-02-07 00:00:00w2018-02-07yBK